000 00243nam a2200097Ia 4500
001 832097
005 20250826172348.0
008 250824s9999 xx 000 0 und d
245 0 _aDOMBİLİ VE NİNE
_cJUDITH KERR
260 _bHEP KİTAP YAYINLARI
999 _c832097
_d832097